Problemas de ingeniería de control utilizando Matlab

Gespeichert in:
Bibliographische Detailangaben
1. Verfasser: Ogata, Katsuhiko (autor)
Format: Buch
Sprache:Spanisch
Veröffentlicht: Madrid Prentice Hall 1999
Schlagworte:
Tags: Tag hinzufügen
Keine Tags, Fügen Sie den ersten Tag hinzu!

MARC

LEADER 00000nam a2200000 a 4500
001 UCN1012
003 CL-VaPUC
008 010420e19990000SP |||||||||||||||||spa|d
082 0 4 |a 629.8  |b OGA  |2 21 
100 |a Ogata, Katsuhiko  |e autor  |9 306008 
245 1 0 |a Problemas de ingeniería de control utilizando Matlab 
300 |a 359 p 
942 |c BK 
945 |d 20010420 00:00:00  |a vberengu 
260 |a Madrid  |b Prentice Hall  |c 1999 
650 0 |a Control automático  |9 259890 
650 0 |a Teoría del control  |9 260349 
650 0 |a Sistemas de control  |9 263596 
650 0 |a Sistemas discretos  |9 424784 
650 7 |a MATLAB  |2 CL-VaPUC  |9 330763 
583 |a last modification  |c 20010420 00:00:00  |k Rodrigo Vera 
999 |c 294613  |d 294611 
952 |0 0  |1 0  |4 0  |6 629_800000000000000_OGA_1999  |7 0  |8 A  |9 347157  |a BIBMEC  |b BIBMEC  |d 2019-11-20  |i 3712478  |o 629.8 OGA 1999  |p 3712478  |r 2024-01-19  |w 2019-11-20  |y BK  |k MEC 
952 |0 0  |1 0  |2 ddc  |4 0  |6 629_800000000000000_OGA_1999  |7 0  |8 A  |9 347158  |a BIBING  |b BIBING  |c RES  |d 2019-11-20  |i 3860620  |o 629.8 OGA 1999  |p 3860620  |r 2025-01-20  |w 2019-11-20  |y BK  |k EIE 
952 |0 0  |1 0  |2 ddc  |4 0  |6 629_800000000000000_OGA_1999  |7 0  |8 A  |9 347159  |a BIBING  |b BIBING  |c RES  |d 2019-11-20  |i 3867978  |o 629.8 OGA 1999  |p 3867978  |r 2025-01-20  |w 2019-11-20  |y BK  |k EIE 
952 |0 0  |1 0  |2 ddc  |4 0  |6 629_800000000000000_OGA_1999  |7 0  |8 A  |9 347160  |a BIBING  |b BIBING  |c RES  |d 2019-11-20  |i 3868060  |l 1  |o 629.8 OGA 1999  |p 3868060  |r 2025-01-20  |s 2023-08-17  |w 2019-11-20  |y BK  |k EIE 
952 |0 0  |1 0  |2 ddc  |4 0  |6 629_800000000000000_OGA_1999  |7 0  |8 A  |9 347161  |a BIBING  |b BIBING  |c RES  |d 2019-11-20  |i 3868079  |o 629.8 OGA 1999  |p 3868079  |r 2025-01-20  |w 2019-11-20  |y BK  |k EIE